[Event "Ankara Baskent Univ op 6th"]
[Site "Ankara"]
[Date "2023.08.19"]
[Round "7"]
[White "Javadov, Ramil Javan Oglu"]
[Black "Asgari, Morteza"]
[Result "1-0"]
[WhiteElo "2039"]
[BlackElo "2160"]
[PlyCount "111"]
[EventDate "2023.08.15"]
[EventType "swiss"]
[EventRounds "9"]
[EventCountry "TUR"]
[SourceTitle "CBM 215 Extra"]
[Source "ChessBase"]
[SourceDate "2023.09.30"]
[SourceVersion "1"]
[SourceVersionDate "2023.09.30"]
[SourceQuality "1"]

1. c4 g6 2. Nf3 Bg7 3. d4 Nf6 4. Nc3 0-0 5. e4 d6 6. Be2 e5 7. d5 a5 8. Be3 Na6 9. Nd2 Bd7 10. a3 Ne8 11. g4 Bf6 12. Qc2 Nc5 13. 0-0-0 a4 14. h4 Bxh4 15. Nf3 Bf6 16. Rdg1 Nb3+ 17. Kb1 Nd4 18. Qd2 Nb3 19. Qd1 c5 20. Qf1 Bg7 21. Qh3 Nf6 22. Qh2 Re8 23. Ne1 Nd4 24. Bd1 b5 25. g5 Nxe4 26. Qxh7+ Kf8 27. Nxe4 Bf5 28. f3 bxc4 29. Kc1 Qb6 30. Rg2 Reb8 31. Rhh2 c3 32. Nf6 Nb3+ 33. Bxb3 Qxb3 34. Qg8+ Ke7 35. Qxg7 cxb2+ 36. Rxb2 Qc3+ 37. Kd1 Rxb2 38. Rxb2 Qxb2 39. Ng8+ Rxg8 40. Qxg8 Qxa3 41. Bd2 Qb3+ 42. Ke2 Qxd5 43. Ba5 Qb7 44. Qd8+ Ke6 45. Ng2 Qd7 46. Qf6+ Kd5 47. Bc3 Kc4 48. Kd2 Be6 49. Ne3+ Kb3 50. Qh8 a3 51. Qb8+ Ka2 52. Kc1 Bb3 53. Qh8 Bc2 54. Qh2 Qa4 55. Qxc2+ Qxc2+ 56. Kxc2 1-0

[Event "Ankara Baskent Univ op 6th"]
[Site "Ankara"]
[Date "2023.08.16"]
[Round "3"]
[White "Teimouri Yadkuri, Shahdad"]
[Black "Asgari, Morteza"]
[Result "0-1"]
[WhiteElo "2011"]
[BlackElo "2160"]
[PlyCount "60"]
[EventDate "2023.08.15"]
[EventType "swiss"]
[EventRounds "9"]
[EventCountry "TUR"]
[SourceTitle "CBM 215 Extra"]
[Source "ChessBase"]
[SourceDate "2023.09.30"]
[SourceVersion "1"]
[SourceVersionDate "2023.09.30"]
[SourceQuality "1"]

1. e4 c5 2. Nf3 Nc6 3. Bb5 d6 4. 0-0 Bd7 5. Re1 Nf6 6. c3 a6 7. Bf1 Bg4 8. h3 Bxf3 9. Qxf3 e6 10. d3 Rg8 11. Qd1 g5 12. g3 g4 13. h4 Be7 14. Bg2 Nh5 15. d4 Bxh4 16. gxh4 Qxh4 17. Be3 0-0-0 18. Qe2 e5 19. dxc5 Nf4 20. Bxf4 exf4 21. Nd2 Ne5 22. c6 Rg6 23. cxb7+ Kxb7 24. Nc4 Rh6 25. Nxe5 dxe5 26. Rad1 f3 27. Bxf3 gxf3 28. Qxf3 Rf6 29. Qe3 Rxd1 30. Rxd1 Qg4+ 0-1

[Event "Mersin op 6th"]
[Site "Mersin"]
[Date "2022.09.10"]
[Round "9"]
[White "Asgari, Morteza"]
[Black "Baradaran Tamadon, Arian"]
[Result "1-0"]
[WhiteElo "2194"]
[BlackElo "2120"]
[PlyCount "89"]
[EventDate "2022.09.04"]
[EventType "swiss"]
[EventRounds "9"]
[EventCountry "TUR"]
[SourceTitle "CBM 210 Extra"]
[Source "ChessBase"]
[SourceDate "2022.11.30"]
[SourceVersion "1"]
[SourceVersionDate "2022.11.30"]
[SourceQuality "1"]

1. e4 c5 2. Nf3 e6 3. d4 cxd4 4. Nxd4 Nc6 5. Nc3 Qc7 6. Be3 a6 7. g4 b5 8. Nxc6 Qxc6 9. Qd2 b4 10. Ne2 Qxe4 11. Rg1 Qc4 12. Ng3 Qc7 13. 0-0-0 Nf6 14. Nh5 Nxh5 15. gxh5 Rg8 16. Bg2 Bb7 17. Bf4 Qc8 18. Bd6 Bxg2 19. Bxf8 Bf3 20. Bxb4 Bxd1 21. Rxd1 d5 22. b3 Qc6 23. Qd3 g6 24. Qf3 a5 25. Bc3 a4 26. h6 Rc8 27. Rd3 axb3 28. axb3 e5 29. Qe2 f6 30. Bxe5 Kf7 31. Bd4 Rge8 32. Re3 Re4 33. Rxe4 dxe4 34. Kb2 Qd5 35. Bc3 Qc5 36. Qd2 Ke6 37. Bd4 Qd6 38. Qe3 f5 39. f4 g5 40. fxg5 Qxh2 41. Bc3 Kf7 42. Qd4 Qc7 43. Qf6+ Ke8 44. Qe6+ Kf8 45. Bg7+ 1-0

[Event "Mersin op 6th"]
[Site "Mersin"]
[Date "2022.09.09"]
[Round "8"]
[White "Eynullayev, Atilla Elshan"]
[Black "Asgari, Morteza"]
[Result "0-1"]
[WhiteElo "2313"]
[BlackElo "2194"]
[PlyCount "38"]
[EventDate "2022.09.04"]
[EventType "swiss"]
[EventRounds "9"]
[EventCountry "TUR"]
[SourceTitle "CBM 210 Extra"]
[Source "ChessBase"]
[SourceDate "2022.11.30"]
[SourceVersion "1"]
[SourceVersionDate "2022.11.30"]
[SourceQuality "1"]

1. d4 Nf6 2. c4 g6 3. Nc3 Bg7 4. e4 d6 5. Be2 0-0 6. Be3 e5 7. d5 Na6 8. g4 Nc5 9. f3 a5 10. h4 h5 11. g5 Ne8 12. Qd2 Ra6 13. Nh3 c6 14. 0-0-0 a4 15. Nf2 Qa5 16. Nb1 Qd8 17. Na3 Kh7 18. Kb1 Qa5 19. Qxa5 Rxa5 0-1

[Event "Mersin op 6th"]
[Site "Mersin"]
[Date "2022.09.04"]
[Round "1"]
[White "Asgari, Morteza"]
[Black "Ikonnikov, Vyacheslav"]
[Result "1-0"]
[WhiteElo "2194"]
[BlackElo "2510"]
[PlyCount "54"]
[EventDate "2022.09.04"]
[EventType "swiss"]
[EventRounds "9"]
[EventCountry "TUR"]
[SourceTitle "CBM 210 Extra"]
[Source "ChessBase"]
[SourceDate "2022.11.30"]
[SourceVersion "1"]
[SourceVersionDate "2022.11.30"]
[SourceQuality "1"]

1. e4 c5 2. Nf3 Nc6 3. d4 cxd4 4. Nxd4 e5 5. Nb5 d6 6. N1c3 a6 7. Na3 Be7 8. Nc4 b5 9. Ne3 Nf6 10. Bd3 0-0 11. Ncd5 Nxd5 12. Nxd5 Bg5 13. Bxg5 Qxg5 14. 0-0 Be6 15. c3 Bxd5 16. exd5 Ne7 17. a4 Rab8 18. axb5 axb5 19. Ra6 Rfd8 20. g3 b4 21. c4 g6 22. Qe2 b3 23. Kh1 Nf5 24. h4 Qf6 25. Qf3 Rb4 26. Kg1 Kg7 27. Rc1 Nd4 1-0

[Event "TUR-chT 2nd League"]
[Site "Konya"]
[Date "2022.08.27"]
[Round "8.8"]
[White "Yurtoglu, Osman Talha"]
[Black "Asgari, Morteza"]
[Result "0-1"]
[WhiteElo "1914"]
[BlackElo "2241"]
[PlyCount "70"]
[EventDate "2022.08.22"]
[EventType "team-swiss"]
[EventRounds "9"]
[EventCountry "TUR"]
[SourceTitle "CBM 210 Extra"]
[Source "ChessBase"]
[SourceDate "2022.11.30"]
[SourceVersion "1"]
[SourceVersionDate "2022.11.30"]
[SourceQuality "1"]
[WhiteTeam "Hayat"]
[BlackTeam "Karaman Masterler"]
[WhiteTeamCountry "TUR"]
[BlackTeamCountry "TUR"]

1. e4 c6 2. c4 e5 3. Nf3 d6 4. d4 Nd7 5. Nc3 Ngf6 6. Be2 g6 7. h3 Bg7 8. 0-0 0-0 9. dxe5 dxe5 10. Be3 Qe7 11. a3 Nh5 12. Qc1 Nc5 13. Qc2 Ne6 14. Rfd1 Nhf4 15. Bf1 Qf6 16. Nh2 Nd4 17. Qb1 h5 18. b4 g5 19. Qb2 Qg6 20. g4 hxg4 21. hxg4 Be6 22. f3 Rad8 23. Qf2 Bf6 24. Bxf4 gxf4 25. Rab1 Qh6 26. Be2 Bh4 27. Qg2 Bg3 28. Nf1 Kg7 29. Rd2 Rh8 30. Rbd1 Qh4 31. Nxg3 fxg3 32. c5 Bb3 33. Rc1 Qg5 34. Nb1 Qe3+ 35. Kf1 Rh1+ 0-1

[Event "TUR-chT 2nd League"]
[Site "Konya"]
[Date "2022.08.22"]
[Round "1.6"]
[White "Asgari, Morteza"]
[Black "Hosseinzadeh, Nima"]
[Result "1/2-1/2"]
[WhiteElo "2241"]
[BlackElo "2215"]
[PlyCount "72"]
[EventDate "2022.08.22"]
[EventType "team-swiss"]
[EventRounds "9"]
[EventCountry "TUR"]
[SourceTitle "CBM 210 Extra"]
[Source "ChessBase"]
[SourceDate "2022.11.30"]
[SourceVersion "1"]
[SourceVersionDate "2022.11.30"]
[SourceQuality "1"]
[WhiteTeam "Karaman Masterler"]
[BlackTeam "Corum Belediye"]
[WhiteTeamCountry "TUR"]
[BlackTeamCountry "TUR"]

1. e4 e5 2. Nf3 Nc6 3. Nc3 Nf6 4. d4 exd4 5. Nxd4 Bb4 6. Nxc6 bxc6 7. Bd3 d5 8. exd5 0-0 9. 0-0 cxd5 10. Bg5 c6 11. Qf3 Bd6 12. Ne2 Bg4 13. Bxf6 Bxf3 14. Bxd8 Bxe2 15. Bxe2 Rfxd8 16. Rad1 Rab8 17. b3 d4 18. Bf3 c5 19. Be2 Re8 20. Bd3 g6 21. g3 h5 22. Rfe1 Kf8 23. Kg2 Rxe1 24. Rxe1 Re8 25. Rxe8+ Kxe8 26. Kf3 f5 27. Ke2 Ke7 28. f4 h4 29. Kf3 hxg3 30. hxg3 Kf6 31. g4 fxg4+ 32. Kxg4 Bc7 33. Be4 Ba5 34. Bd3 Bc7 35. Be4 Ba5 36. Bd3 Bc7 1/2-1/2

[Event "Nakhchivan op"]
[Site "Nakhchivan"]
[Date "2022.05.11"]
[Round "5"]
[White "Shahaliyev, Ismayil Bahram"]
[Black "Asgari, Morteza"]
[Result "1-0"]
[WhiteElo "2386"]
[BlackElo "2244"]
[PlyCount "89"]
[EventDate "2022.05.08"]
[EventType "swiss"]
[EventRounds "9"]
[EventCountry "AZE"]
[SourceTitle "EXT 2023"]
[Source "ChessBase"]
[SourceDate "2022.10.05"]
[SourceVersion "1"]
[SourceVersionDate "2022.10.05"]
[SourceQuality "1"]

1. d4 Nf6 2. c4 g6 3. g3 Bg7 4. Bg2 d5 5. cxd5 Nxd5 6. Nf3 Nb6 7. Nc3 Nc6 8. e3 0-0 9. 0-0 Re8 10. Nh4 e6 11. f4 a5 12. Nf3 Bd7 13. Ne4 Nb4 14. Nc5 Bc6 15. b3 Nd7 16. a3 Nxc5 17. axb4 Ne4 18. bxa5 Bb5 19. Re1 c5 20. Ne5 Nc3 21. Qd2 cxd4 22. Bb2 f6 23. Nc4 Bxc4 24. bxc4 f5 25. exd4 Qxd4+ 26. Qxd4 Bxd4+ 27. Kf1 Re7 28. Rac1 Na2 29. Bxd4 Nxc1 30. Rxc1 Rxa5 31. Rc2 Ra4 32. Be5 b6 33. Bc6 Ra3 34. Rb2 Ra6 35. Bb8 Kf7 36. Ke2 h6 37. Ke3 g5 38. Kd4 g4 39. Ke5 h5 40. Kd6 Kf6 41. Bc7 Ra3 42. Bd8 Rd3+ 43. Bd5 exd5 44. Bxe7+ Kf7 45. cxd5 1-0

[Event "Nakhchivan Sunday IM 3rd"]
[Site "Nakhchivan"]
[Date "2022.03.21"]
[Round "3"]
[White "Talibov, Shiroghlan"]
[Black "Asgari, Morteza"]
[Result "1/2-1/2"]
[WhiteElo "2318"]
[BlackElo "2183"]
[PlyCount "129"]
[EventDate "2022.03.20"]
[EventType "tourn"]
[EventRounds "9"]
[EventCountry "AZE"]
[EventCategory "1"]
[SourceTitle "CBM 207 Extra"]
[Source "ChessBase"]
[SourceDate "2022.05.31"]
[SourceVersion "1"]
[SourceVersionDate "2022.05.31"]
[SourceQuality "1"]

1. c4 Nf6 2. Nc3 g6 3. e4 d6 4. d4 Bg7 5. f4 0-0 6. Nf3 e5 7. fxe5 dxe5 8. d5 c6 9. Be2 b5 10. Bg5 bxc4 11. Bxc4 Bb7 12. Qb3 Qb6 13. Qxb6 axb6 14. Bxf6 Bxf6 15. dxc6 Nxc6 16. Nd5 Bd8 17. 0-0 Na5 18. Bb5 Bxd5 19. exd5 e4 20. Ne5 f5 21. Rad1 Kg7 22. b4 Nb7 23. Bc6 Ra7 24. Nc4 Bf6 25. a4 Rd8 26. g4 Nd6 27. Nxd6 Rxd6 28. gxf5 Bc3 29. Rf4 gxf5 30. Rxf5 Re7 31. Kf1 Bxb4 32. Ke2 Rg6 33. Bb5 Bc5 34. d6 Bxd6 35. Rdd5 Bxh2 36. Rg5 Bf4 37. Rxg6+ hxg6 38. Bd7 Kf6 39. Bh3 Rc7 40. Rb5 Rc2+ 41. Kf1 Be3 42. a5 bxa5 43. Rxa5 Bc5 44. Bg4 Ke5 45. Bd1 Rc1 46. Ke2 Kf4 47. Ra2 Bd4 48. Ra4 Be5 49. Kd2 Rc3 50. Ra7 Rd3+ 51. Ke2 Bc3 52. Rf7+ Ke5 53. Ba4 Bb4 54. Rb7 Bc5 55. Rc7 Bd6 56. Rc4 Rg3 57. Bc6 g5 58. Rxe4+ Kf6 59. Re3 Rg1 60. Rf3+ Bf4 61. Rf1 Rg3 62. Rf3 Rg4 63. Bd7 Rh4 64. Bh3 Rxh3 65. Rxh3 1/2-1/2

[Event "Nakhchivan Sunday IM 3rd"]
[Site "Nakhchivan"]
[Date "2022.03.20"]
[Round "1"]
[White "Aslanov, Umid Fuad"]
[Black "Asgari, Morteza"]
[Result "1-0"]
[WhiteElo "2226"]
[BlackElo "2183"]
[PlyCount "89"]
[EventDate "2022.03.20"]
[EventType "tourn"]
[EventRounds "9"]
[EventCountry "AZE"]
[EventCategory "1"]
[SourceTitle "CBM 207 Extra"]
[Source "ChessBase"]
[SourceDate "2022.05.31"]
[SourceVersion "1"]
[SourceVersionDate "2022.05.31"]
[SourceQuality "1"]

1. e4 c5 2. Nf3 Nc6 3. d4 cxd4 4. Nxd4 e5 5. Nb5 d6 6. c4 Be6 7. N1c3 a6 8. Na3 g6 9. Nc2 Bg7 10. Be2 f5 11. exf5 gxf5 12. 0-0 Nge7 13. Rb1 Ng6 14. b4 0-0 15. Nd5 Nce7 16. Nxe7+ Qxe7 17. Ne3 Nf4 18. Nd5 Nxe2+ 19. Qxe2 Qf7 20. Rd1 f4 21. b5 Kh8 22. f3 Rae8 23. Ba3 Bf5 24. Rb3 e4 25. Bxd6 exf3 26. Qxf3 Be4 27. Qf2 Rg8 28. Bxf4 axb5 29. Rxb5 Bxg2 30. Bg3 Qh5 31. Rd2 Bh3 32. Nf6 Qf7 33. Nxe8 Qxe8 34. Rbd5 Be6 35. Re2 Qc8 36. Rc5 Qd7 37. Rc7 Qxc7 38. Bxc7 Bd4+ 39. Kh1 Bxf2 40. Be5+ Rg7 41. Bxg7+ Kxg7 42. Rxe6 b6 43. Kg2 Bc5 44. Kf3 Kf7 45. Rc6 1-0

[Event "Nakhchivan Sunday IM 2nd"]
[Site "Nakhchivan"]
[Date "2022.03.18"]
[Round "8"]
[White "Asgari, Morteza"]
[Black "Hasanzade, Toghrul Qasim Oglu"]
[Result "1/2-1/2"]
[WhiteElo "2183"]
[BlackElo "2297"]
[PlyCount "42"]
[EventDate "2022.03.13"]
[EventType "tourn"]
[EventRounds "9"]
[EventCountry "AZE"]
[EventCategory "1"]
[SourceTitle "CBM 207 Extra"]
[Source "ChessBase"]
[SourceDate "2022.05.31"]
[SourceVersion "1"]
[SourceVersionDate "2022.05.31"]
[SourceQuality "1"]

1. e4 c5 2. Nf3 Nf6 3. e5 Nd5 4. Nc3 e6 5. Ne4 Nc6 6. c4 f5 7. Nxc5 Bxc5 8. cxd5 Nd4 9. Rb1 Qb6 10. b4 Nxf3+ 11. Qxf3 Bd4 12. Qf4 d6 13. Bb5+ Qxb5 14. Qxd4 dxe5 15. Qxe5 Qxd5 16. Qxd5 exd5 17. Bb2 Kf7 18. d3 Bd7 19. Kd2 Rhe8 20. Bd4 a6 21. Rhe1 Rxe1 1/2-1/2

[Event "Mersin op 4th"]
[Site "Mersin"]
[Date "2019.11.22"]
[Round "9"]
[White "Asgari, Morteza"]
[Black "Eynullayev, Altay Elshan"]
[Result "1/2-1/2"]
[WhiteElo "2225"]
[BlackElo "2244"]
[PlyCount "122"]
[EventDate "2019.11.16"]
[EventType "swiss"]
[EventRounds "9"]
[EventCountry "TUR"]
[SourceTitle "CBM 193 Extra"]
[Source "ChessBase"]
[SourceDate "2020.01.31"]
[SourceVersion "1"]
[SourceVersionDate "2020.01.31"]
[SourceQuality "1"]

1. e4 c5 2. Nf3 d6 3. d4 cxd4 4. Nxd4 Nf6 5. Nc3 a6 6. h3 e5 7. Nb3 Be6 8. f4 g6 9. Be2 Nbd7 10. 0-0 Qc7 11. Nd5 Bxd5 12. exd5 Bg7 13. c4 0-0 14. Be3 exf4 15. Bxf4 Rfe8 16. Rc1 Qb6+ 17. Kh2 Ne4 18. Bf3 Nec5 19. Nxc5 Qxc5 20. Qd2 a5 21. Kh1 Be5 22. Be3 Qb4 23. b3 Qxd2 24. Bxd2 Bg3 25. a3 b6 26. Rb1 Ne5 27. Be2 h5 28. Rfc1 Nd7 29. Bf1 Re4 30. Rd1 Ne5 31. Bc3 Re8 32. Bd4 Nd7 33. Kg1 Bf4 34. Bf2 Be3 35. b4 Bxf2+ 36. Kxf2 axb4 37. axb4 Ne5 38. Re1 Nxc4 39. Bxc4 Rf4+ 40. Kg3 Rxe1 41. Rxe1 Rxc4 42. Re8+ Kg7 43. Rd8 Rxb4 44. Rxd6 Kf8 45. Rd7 Kg7 46. Rd6 g5 47. Rc6 f6 48. Rc7+ Kg6 49. d6 Rd4 50. d7 Kf5 51. Rb7 Rd6 52. Rxb6 Rxd7 53. Kh2 Ke5 54. Rb8 Rd4 55. Rh8 h4 56. Re8+ Kf4 57. Rf8 f5 58. Rf7 Rd5 59. Rg7 Rc5 60. Rg8 g4 61. hxg4 fxg4 1/2-1/2

[Event "Mersin op 4th"]
[Site "Mersin"]
[Date "2019.11.19"]
[Round "5"]
[White "Gasimov, Parviz"]
[Black "Asgari, Morteza"]
[Result "1-0"]
[WhiteElo "2315"]
[BlackElo "2225"]
[PlyCount "91"]
[EventDate "2019.11.16"]
[EventType "swiss"]
[EventRounds "9"]
[EventCountry "TUR"]
[SourceTitle "CBM 193 Extra"]
[Source "ChessBase"]
[SourceDate "2020.01.31"]
[SourceVersion "1"]
[SourceVersionDate "2020.01.31"]
[SourceQuality "1"]

1. e4 c5 2. Nf3 d6 3. d4 cxd4 4. Nxd4 Nf6 5. Nc3 a6 6. Be3 e5 7. Nb3 Be7 8. h3 0-0 9. f4 d5 10. exd5 Bb4 11. Qf3 exf4 12. Bxf4 Qxd5 13. Bd3 Qxf3 14. gxf3 Nd5 15. Bd2 Nxc3 16. a3 Re8+ 17. Kf2 Ne4+ 18. Bxe4 Bxd2 19. Nxd2 Nd7 20. Rae1 Nf6 21. Bd3 Be6 22. Ne4 Nxe4+ 23. Bxe4 Rac8 24. c3 b5 25. Rd1 a5 26. Rd4 g6 27. h4 Kg7 28. Rhd1 Kf6 29. Rd6 Rc5 30. R1d4 Rb8 31. Bd3 g5 32. hxg5+ Rxg5 33. f4 Rg4 34. f5 Rxd4 35. cxd4 Ke7 36. Ra6 Bc4 37. f6+ Kd7 38. Bxh7 Rh8 39. Bf5+ Be6 40. Bxe6+ fxe6 41. Rxa5 Rh2+ 42. Ke3 Rxb2 43. Ra8 Rb3+ 44. Ke4 Rb1 45. f7 Re1+ 46. Kd3 1-0

[Event "Tehran Paytakht Cup 4th"]
[Site "Tehran"]
[Date "2019.11.02"]
[Round "4"]
[White "Asgari, Morteza"]
[Black "Daghli, Arash"]
[Result "0-1"]
[WhiteElo "2225"]
[BlackElo "2414"]
[PlyCount "64"]
[EventDate "2019.10.30"]
[EventType "swiss"]
[EventRounds "9"]
[EventCountry "IRI"]
[SourceTitle "CBM 192 Extra"]
[Source "Chessbase"]
[SourceDate "2019.11.06"]
[SourceVersion "1"]
[SourceVersionDate "2019.11.06"]
[SourceQuality "1"]

1. d4 Nf6 2. c4 g6 3. Nc3 Bg7 4. e4 d6 5. Be2 0-0 6. Nf3 Qe8 7. 0-0 e5 8. dxe5 dxe5 9. b4 c6 10. Ba3 Qe7 11. Qb3 Rd8 12. b5 Qc7 13. Rfd1 Rxd1+ 14. Rxd1 Ne8 15. c5 Be6 16. Qa4 Bf6 17. bxc6 Nxc6 18. Nd5 Qa5 19. Qb3 Rc8 20. Bc4 Bd8 21. Ne7+ Bxe7 22. Bxe6 fxe6 23. Qxe6+ Kf8 24. Bc1 Rd8 25. Bh6+ Ng7 26. Rd5 Qc7 27. g3 Nd4 28. Rxd4 exd4 29. Ne5 Bg5 30. c6 bxc6 31. Nxc6 Bxh6 32. Qf6+ Ke8 0-1

[Event "Ordu op 5th"]
[Site "Ordu"]
[Date "2019.05.04"]
[Round "8"]
[White "Asgari, Morteza"]
[Black "Sevgi, Volkan"]
[Result "0-1"]
[WhiteElo "2248"]
[BlackElo "2309"]
[PlyCount "82"]
[EventDate "2019.04.29"]
[EventType "swiss"]
[EventRounds "9"]
[EventCountry "TUR"]
[SourceTitle "CBM 190 Extra"]
[Source "ChessBase"]
[SourceDate "2019.07.15"]
[SourceVersion "1"]
[SourceVersionDate "2019.07.15"]
[SourceQuality "1"]

1. e4 c5 2. Nf3 Nc6 3. Bb5 g6 4. Bxc6 dxc6 5. d3 Bg7 6. h3 e5 7. Be3 b6 8. Nc3 Ne7 9. Qd2 h6 10. Nh2 Be6 11. b3 f5 12. f3 Qd6 13. a4 a5 14. Qe2 Bf6 15. Nf1 Bg5 16. Bf2 c4 17. Nd2 cxb3 18. cxb3 Rd8 19. Bxb6 Qb4 20. Bxd8 Qxc3 21. 0-0 Qxd2 22. Qxd2 Bxd2 23. Bc7 Bc3 24. Rac1 Bd4+ 25. Kh2 Kd7 26. Bxa5 Rb8 27. Bd2 Rxb3 28. Rb1 f4 29. Rxb3 Bxb3 30. a5 Bc2 31. Rc1 Bxd3 32. Bxf4 exf4 33. Rd1 c5 34. Rxd3 Nc6 35. a6 Kc7 36. Rb3 c4 37. Ra3 Kb6 38. g3 Bb2 39. Ra4 c3 40. gxf4 c2 41. a7 Nxa7 0-1

[Event "Ordu op 5th"]
[Site "Ordu"]
[Date "2019.05.02"]
[Round "6"]
[White "Asgari, Morteza"]
[Black "Mazur, Stefan"]
[Result "1-0"]
[WhiteElo "2248"]
[BlackElo "2435"]
[PlyCount "169"]
[EventDate "2019.04.29"]
[EventType "swiss"]
[EventRounds "9"]
[EventCountry "TUR"]
[SourceTitle "CBM 190 Extra"]
[Source "ChessBase"]
[SourceDate "2019.07.15"]
[SourceVersion "1"]
[SourceVersionDate "2019.07.15"]
[SourceQuality "1"]

1. e4 e5 2. Nf3 Nc6 3. Bb5 a6 4. Ba4 Nf6 5. 0-0 Be7 6. Re1 b5 7. Bb3 d6 8. c3 0-0 9. h3 Na5 10. Bc2 c5 11. d4 Qc7 12. d5 Nd7 13. b3 Nb6 14. Nbd2 Nb7 15. c4 Bd7 16. a4 bxa4 17. bxa4 Na5 18. Qe2 Rab8 19. Ra2 f5 20. exf5 Bxf5 21. Bxf5 Rxf5 22. Bb2 Nd7 23. Bc3 Rf7 24. Ne4 h6 25. Nfd2 Nb3 26. Nxb3 Rxb3 27. Rb2 Rxb2 28. Qxb2 Nf6 29. Nxf6+ Bxf6 30. Rb1 Qd7 31. Qc2 Bd8 32. Rb8 Rf8 33. Qg6 Qc7 34. Rb3 Bh4 35. g3 Bf6 36. Bd2 Qd7 37. Bxh6 Qxh3 38. Be3 Qd7 39. a5 Bd8 40. Qb1 Qg4 41. Rb7 Bxa5 42. Bh6 Rf7 43. Rb8+ Rf8 44. Rxf8+ Kxf8 45. Qb8+ Ke7 46. Be3 Qxc4 47. Qg8 Qg4 48. Bh6 Bd8 49. Bxg7 Kd7 50. Qf7+ Kc8 51. Kg2 Qd7 52. Qg6 Qb7 53. Qe6+ Qd7 54. Qg6 a5 55. Bf8 Kc7 56. Qd3 Qf7 57. Bh6 a4 58. Bd2 Kb8 59. g4 a3 60. g5 Qb7 61. Qc4 Qb2 62. Bc1 Qb4 63. Qe2 Qb3 64. Bxa3 Qxa3 65. Qb5+ Kc8 66. g6 Qa8 67. Qd3 Qb7 68. Qf5+ Kb8 69. Qf8 Qxd5+ 70. Kh2 Qd4 71. Qxd8+ Kb7 72. Qf6 Kc6 73. g7 Qg4 74. f3 Qc4 75. Kg3 Qc1 76. Kg4 c4 77. Qf8 Qg1+ 78. Kf5 Qg3 79. g8Q Qxf3+ 80. Ke6 Qd5+ 81. Ke7 Qxg8 82. Qxg8 Kc5 83. Qe6 c3 84. Qxd6+ Kc4 85. Qd1 1-0

[Event "Caspian Cup 17th"]
[Site "Bandar e Anzali"]
[Date "2019.02.19"]
[Round "9"]
[White "Asgari, Morteza"]
[Black "Naderi, M Sadegh"]
[Result "1-0"]
[WhiteElo "2175"]
[BlackElo "2242"]
[PlyCount "131"]
[EventDate "2019.02.12"]
[EventType "swiss"]
[EventRounds "9"]
[EventCountry "IRI"]
[SourceTitle "CBM 189 Extra"]
[Source "ChessBase"]
[SourceDate "2019.06.03"]
[SourceVersion "1"]
[SourceVersionDate "2019.06.03"]
[SourceQuality "1"]

1. e4 c6 2. d4 d5 3. e5 Bf5 4. Nf3 e6 5. Be2 Nd7 6. 0-0 Ne7 7. Nbd2 h6 8. c3 Qc7 9. a4 a5 10. Re1 Bh7 11. Nf1 Ng6 12. g3 Be7 13. h4 f6 14. h5 Ngf8 15. exf6 gxf6 16. Bxh6 0-0-0 17. Nh4 e5 18. Ne3 Bd6 19. Bg4 Rg8 20. Nef5 Kb8 21. Be3 Ne6 22. Kh2 Ng5 23. Nxd6 Qxd6 24. f4 Ne4 25. f5 exd4 26. Bf4 Ne5 27. Bh3 dxc3 28. bxc3 Ka8 29. Ng6 Qc5 30. Rf1 Nxc3 31. Qb3 d4 32. Rae1 Bxg6 33. Bxe5 Bxh5 34. Bxf6 Qd6 35. Be5 Qh6 36. Bf4 Qh7 37. Qb6 Rd5 38. Re5 Be2 39. Rxd5 Nxd5 40. Qxa5+ Ba6 41. Be5 Re8 42. Bxd4 Qh5 43. Rf2 Kb8 44. Qd2 Be2 45. Bf6 Nxf6 46. Qd6+ Ka8 47. Qxf6 Rh8 48. Qh4 Qe8 49. Qf4 Qh5 50. Qh4 Qe8 51. Qg5 Bc4 52. f6 Qe1 53. Qd2 Qxd2 54. Rxd2 Be6 55. Rd8+ Rxd8 56. Bxe6 Kb8 57. Kh3 Kc7 58. Kg4 Kd6 59. Kf5 Ra8 60. Bb3 b5 61. g4 bxa4 62. Ba2 a3 63. g5 c5 64. g6 c4 65. g7 c3 66. f7 1-0

[Event "Caspian Cup 17th"]
[Site "Bandar e Anzali"]
[Date "2019.02.15"]
[Round "4"]
[White "Asgari, Morteza"]
[Black "Mikaelyan, Arman"]
[Result "1/2-1/2"]
[WhiteElo "2175"]
[BlackElo "2465"]
[PlyCount "112"]
[EventDate "2019.02.12"]
[EventType "swiss"]
[EventRounds "9"]
[EventCountry "IRI"]
[SourceTitle "CBM 189 Extra"]
[Source "ChessBase"]
[SourceDate "2019.06.03"]
[SourceVersion "1"]
[SourceVersionDate "2019.06.03"]
[SourceQuality "1"]

1. e4 e5 2. Nf3 Nc6 3. Bb5 a6 4. Ba4 Nf6 5. 0-0 Be7 6. Re1 b5 7. Bb3 d6 8. c3 0-0 9. h3 Nb8 10. d4 Nbd7 11. Nbd2 Bb7 12. Bc2 Re8 13. Nf1 Bf8 14. Ng3 g6 15. a4 c6 16. b3 Qc7 17. Bg5 h6 18. Be3 Rad8 19. axb5 cxb5 20. Qd2 Rc8 21. c4 Kh7 22. d5 bxc4 23. bxc4 Nb6 24. Bd3 Nxc4 25. Bxc4 Qxc4 26. Rec1 Qb5 27. Rcb1 Qd7 28. Qb4 Re7 29. Nd2 Qc7 30. Rc1 Qxc1+ 31. Rxc1 Rxc1+ 32. Kh2 Rec7 33. Bb6 Rc8 34. Be3 Ba8 35. Qa4 h5 36. Nf3 R1c2 37. Qxa6 Nd7 38. Qa4 R2c7 39. Qd1 Kg8 40. Nh4 Nf6 41. Qf3 Nh7 42. Nxh5 gxh5 43. Qxh5 Kh8 44. g4 Bb7 45. g5 Kg8 46. Nf5 Rd8 47. h4 Rc4 48. Qf3 Bc8 49. h5 Rd7 50. Kg2 Rc3 51. Qg4 Rb7 52. g6 fxg6 53. Qxg6+ Kh8 54. Nxd6 Rg7 55. Nf7+ Kg8 56. Nh6+ Kh8 1/2-1/2

[Event "IRI-ch sf"]
[Site "Hamedan"]
[Date "2018.11.09"]
[Round "1.3"]
[White "Asgari, Morteza"]
[Black "Pourramezanali, Amirreza"]
[Result "1/2-1/2"]
[WhiteElo "2165"]
[BlackElo "2533"]
[PlyCount "119"]
[EventDate "2018.11.09"]
[EventType "swiss"]
[EventRounds "9"]
[EventCountry "IRI"]
[SourceTitle "CBM 187 Extra"]
[Source "ChessBase"]
[SourceDate "2018.11.04"]
[SourceVersion "1"]
[SourceVersionDate "2018.11.04"]
[SourceQuality "1"]

1. e4 e5 2. Nf3 Nc6 3. d4 exd4 4. Nxd4 Bc5 5. Nb3 Bb6 6. Nc3 Nf6 7. Qe2 d6 8. Be3 Qe7 9. 0-0-0 Bd7 10. Bg5 Qe6 11. f3 h6 12. Bh4 g5 13. Bf2 0-0-0 14. Qd2 Bxf2 15. Qxf2 Kb8 16. Bb5 Qe5 17. Nd4 Nxd4 18. Qxd4 Be6 19. Qxe5 dxe5 20. Rxd8+ Rxd8 21. Rd1 Rg8 22. Nd5 Bxd5 23. exd5 Rd8 24. c4 a6 25. Ba4 Ka7 26. Re1 b5 27. cxb5 axb5 28. Bxb5 Rxd5 29. Bc4 Rc5 30. b3 Ne8 31. Kd2 Nd6 32. Kc3 Kb6 33. Kb4 f6 34. g4 Nc8 35. h4 Ne7 36. Kc3 Rc6 37. hxg5 hxg5 38. b4 Rd6 39. a4 Nc6 40. a5+ Ka7 41. Bd3 Nxb4 42. Be4 Rd4 43. Rh1 Na6 44. Rh8 Nb8 45. Rf8 Rd6 46. Rc8 c6 47. Rc7+ Ka6 48. Rc8 Kb7 49. Rf8 Ka7 50. Rf7+ Ka6 51. Kc4 Kxa5 52. Kc5 Re6 53. Bd3 Na6+ 54. Bxa6 Kxa6 55. Rc7 e4 56. fxe4 Re5+ 57. Kxc6 Rxe4 58. Rf7 Rf4 59. Kc5 Rf3 60. Kd5 1/2-1/2